000 00780nam a22002777a 4500
001 0074
003 DO-SdBNP
005 20151111154402.0
007 0074
008 151007b sp 2003 xxu||||| |||| 00| 0 spa d
020 _a8439598130
040 _aBPMSU
_bspa
_cBPMSU
092 _aCh863.44
_bA432h
100 1 0 _aAllende, Isabel
245 0 0 _aHija de la fortuna /
_cIsabel Allende; Virgilio Ortega director editorial
260 _aBarcelona:
_bPlaneta,
_c2003
300 _a429 p.:
_c24 cm.
490 1 0 _aBiblioteca Isabel Allende
650 _aNOVELA CHILENA
650 _aLITERATURA CHILENA
700 1 0 _aOrtega, Virgilio,
_eed.
830 0 0 _aBiblioteca Isabel Allende
942 _2ddc
_cBK
956 _aBrenda Tavárez
956 _aValidado. Control de calidad MFF
999 _c8340
_d8340